The Wonder That Was India: Volume 1 (Record no. 10875)

MARC details
000 -LEADER
fixed length control field 00404nam a2200157Ia 4500
008 - FIXED-LENGTH DATA ELEMENTS--GENERAL INFORMATION
fixed length control field 191201s2007 xx 000 0 und d
020 ## - INTERNATIONAL STANDARD BOOK NUMBER
International Standard Book Number 9789389109344
082 ## - DEWEY DECIMAL CLASSIFICATION NUMBER
Classification number 954.01 BAW
100 ## - MAIN ENTRY--PERSONAL NAME
Personal name BASHAM, A.L.
245 #0 - TITLE STATEMENT
Title The Wonder That Was India: Volume 1
250 ## - EDITION STATEMENT
Edition statement 1st
260 ## - PUBLICATION, DISTRIBUTION, ETC. (IMPRINT)
Place of publication, distribution, etc New Delhi
Name of publisher, distributor, etc Picador India
Date of publication, distribution, etc 2004
300 ## - PHYSICAL DESCRIPTION
Extent 572
650 ## - SUBJECT ADDED ENTRY--TOPICAL TERM
Topical term or geographic name as entry element Bachelor of Mass Communication
942 ## - ADDED ENTRY ELEMENTS (KOHA)
Source of classification or shelving scheme Dewey Decimal Classification
Koha item type Text Books
Holdings
Withdrawn status Lost status Source of classification or shelving scheme Damaged status Not for loan Collection code Home library Current library Date acquired Source of acquisition Currency Cost, normal purchase price Bill Number Total Checkouts Acc. no. / Barcode Date last seen Actual Cost, discounted price Bill Date Koha item type
    Dewey Decimal Classification     Bachelor Of Mass Communication PIET NCR College Library PIET NCR College Library 01/09/2021 Kirti Prakashan IN Rupees 599.00 IN2432   N1986 03/09/2021 419.30 01/09/2021 Text Books
    Dewey Decimal Classification     Bachelor Of Mass Communication PIET NCR College Library PIET NCR College Library 01/09/2021 Kirti Prakashan IN Rupees 599.00 IN2432   N1987 03/09/2021 419.30 01/09/2021 Reference Books
    Dewey Decimal Classification     Bachelor Of Mass Communication PIET NCR College Library PIET NCR College Library 01/09/2021 Kirti Prakashan IN Rupees 599.00 IN2432   N1988 03/09/2021 419.30 01/09/2021 Text Books

Design & Developed by: PIET Central Library
R70 Miles Stone Pattikalyana Samalkha Panipat 132102
mail ID :- [email protected], Phone No:- 0180-2569700 Ex.216